Chansons de Jean Ferrat - Statistiques

Statistiques générales
  • Ce quiz a été pris 30 fois
  • Le résultat moyen est 29 sur 195
Statistiques - réponses
Groupe Titre % Correct
La Montagne 1 La Montagne
100%
Aimer à perdre la raison 10 Aimer à perdre la raison
92%
Ma France 7 Ma France
92%
Nuit et Brouillard 1 Nuit et Brouillard
92%
Potemkine 1 Potemkine
88%
Camarade 1 Camarade
84%
La femme est l'avenir de l'homme 1 La femme est l'avenir de l'homme
84%
Deux enfants au soleil 1 Deux enfants au soleil
76%
Maria 1 Maria
76%
La Fête aux copains 1 La Fête aux copains
72%
Je ne suis qu'un cri 1 Je ne suis qu'un cri
68%
Les Instants volés 5 Les Instants volés
68%
Deux enfants au soleil 2 Ma môme
68%
À moi l'Afrique 1 À moi l'Afrique
64%
À Santiago 5 À Santiago
64%
Dans la jungle ou dans le zoo 1 Dans la jungle ou dans le zoo
60%
Nuit et Brouillard 5 C'est beau la vie
56%
La Montagne 6 Que serais-je sans toi
52%
Ferrat chante Aragon 7 Que serais-je sans toi
52%
La femme est l'avenir de l'homme 9 Un air de liberté
52%
Ferrat 80 3 L'amour est cerise
44%
Ferrat 80 2 Oural ouralou
40%
Nuit et Brouillard 2 À Brassens
36%
Ferrat 80 1 Le Bilan
36%
Ferrat 95 1 Complainte de Pablo Neruda
32%
À Santiago 1 Cuba si
32%
Je ne suis qu'un cri 7 La Porte à droite
32%
Deux enfants au soleil 10 Federico Garcia Lorca
28%
Dans la jungle ou dans le zoo 2 Les Petites Filles modèles
28%
Ma France 4 Les Poètes
28%
Ferrat chante Aragon 3 Les Poètes
28%
À moi l'Afrique 3 Une femme honnête...
28%
Dans la jungle ou dans le zoo 7 À la une
24%
Ferrat 95 3 J'arrive où je suis étranger
24%
Potemkine 4 Je ne chante pas pour passer le temps
24%
Aimer à perdre la raison 3 Je vous aime
24%
Maria 10 Pauvre Boris
24%
Potemkine 6 C’est toujours la première fois
20%
Maria 3 En groupe, en ligue, en procession
20%
La femme est l'avenir de l'homme 2 Le Bruit des bottes
20%
Dans la jungle ou dans le zoo 5 Les Tournesols
20%
Potemkine 10 On ne voit pas le temps passer
20%
Camarade 6 Sacré Félicien
20%
Ma France 1 Au printemps de quoi rêvais-tu ?
16%
Ferrat 95 16 Epilogue
16%
Ferrat 80 4 J'ai froid
16%
Deux enfants au soleil 4 J'entends, j'entends
16%
Ferrat chante Aragon 6 J'entends, j'entends
16%
Aimer à perdre la raison 1 La Commune
16%
À moi l'Afrique 7 La Leçon buissonnière
16%
Ma France 2 La Matinée
16%
Potemkine 7 Le Sabre et le Goupillon
16%
La Fête aux copains 5 Mes amours
16%
Dans la jungle ou dans le zoo 11 Tu aurais pu vivre
16%
Camarade 5 17 ans
12%
À moi l'Afrique 4 À l'ombre bleue du figuier
12%
Ferrat 95 11 Carco
12%
Ferrat 95 5 Chagall
12%
Ferrat 95 4 Devine
12%
Dans la jungle ou dans le zoo 4 Dingue
12%
Maria 2 Heureux celui qui meurt d'aimer
12%
Ferrat chante Aragon 10 Heureux celui qui meurt d'aimer
12%
À moi l'Afrique 9 Hou hou méfions-nous !
12%
Dans la jungle ou dans le zoo 14 La Paix sur Terre
12%
Les Instants volés 3 Le chef de gare est amoureux
12%
Ferrat 95 6 Les Feux de Paris
12%
Camarade 10 Les Lilas
12%
À moi l'Afrique 6 Les Saisons
12%
La Fête aux copains 4 L'Homme à l'oreille coupée
12%
À Santiago 2 Mourir au soleil
12%
Deux enfants au soleil 8 Napoléon IV
12%
Nuit et Brouillard 7 Nous dormirons ensemble
12%
Ferrat chante Aragon 4 Nous dormirons ensemble
12%
À moi l'Afrique 2 Picasso Colombe
12%
Maria 7 Un jour, un jour
12%
Ferrat chante Aragon 1 Un jour, un jour
12%
Potemkine 9 À l’été de la Saint-Martin
8%
Maria 8 Alleluia
8%
La Montagne 8 Berceuse
8%
Ferrat 95 7 Chambres d'un moment
8%
Ferrat 80 11 Chanter
8%
Ferrat 95 2 Elle
8%
Aimer à perdre la raison 8 J'imagine
8%
La Montagne 7 La Jeunesse
8%
Je ne suis qu'un cri 3 L'Âne
8%
Je ne suis qu'un cri 8 Le Cœur fragile
8%
La femme est l'avenir de l'homme 8 Le Fantôme
8%
La Montagne 5 Le Jour où je deviendrai gros
8%
Potemkine 3 Les Belles Étrangères
8%
Je ne suis qu'un cri 14 Les Cerisiers
8%
La Fête aux copains 3 Les Noctambules
8%
La Fête aux copains 7 Les Nomades
8%
Ferrat 95 15 Les Oiseaux déguisés
8%
La Fête aux copains 6 Les Petits Bistrots
8%
Aimer à perdre la raison 6 Les Touristes partis
8%
Les Instants volés 2 Le Tiers Chant
8%
Dans la jungle ou dans le zoo 13 Nul ne guérit de son enfance
8%
À moi l'Afrique 8 Paris an 2000
8%
Deux enfants au soleil 6 Paris-Gavroche
8%
À Santiago 9 Pauvres Petits C...
8%
Je ne suis qu'un cri 10 Petit
8%
À Santiago 4 Prisunic
8%
Nuit et Brouillard 6 Quatre Cents Enfants noirs
8%
Ferrat chante Aragon 8 Robert le Diable
8%
À moi l'Afrique 5 Si j'étais peintre ou maçon
8%
Je ne suis qu'un cri 11 Vipères lubriques
8%
La Montagne 10 Au bout de mon âge
4%
Ferrat chante Aragon 9 Au bout de mon âge
4%
La femme est l'avenir de l'homme 3 Berceuse pour un petit loupiot
4%
Dans la jungle ou dans le zoo 9 Bicentenaire
4%
Maria 9 Chanson pour toi
4%
Dans la jungle ou dans le zoo 6 Chante l'amour
4%
Aimer à perdre la raison 11 Et pour l'exemple
4%
Nuit et Brouillard 8 Horizontalement
4%
À moi l'Afrique 10 Ils volent volent volent
4%
À Santiago 10 Indien
4%
Camarade 9 Intox
4%
Les Instants volés 8 La Boldochévique
4%
Aimer à perdre la raison 9 L'Adresse du bonheur
4%
Maria 5 La liberté est en voyage
4%
Je ne suis qu'un cri 9 Le Châtaignier
4%
Dans la jungle ou dans le zoo 8 Le Grillon
4%
Deux enfants au soleil 9 L'Éloge du célibat
4%
La Fête aux copains 8 Le Polonais
4%
La Fête aux copains 2 Le P'tit Jardin
4%
La Montagne 4 Les Beaux Jours
4%
Aimer à perdre la raison 2 Les Derniers Tziganes
4%
Nuit et Brouillard 3 Les Enfants terribles
4%
Ma France 9 Les Filles longues
4%
À Santiago 7 Les Guérilleros
4%
La femme est l'avenir de l'homme 6 Le Singe
4%
Dans la jungle ou dans le zoo 10 Les Jeunes Imbéciles
4%
Ferrat 95 8 Lorsque s'en vient le soir
4%
Deux enfants au soleil 5 Ma fille
4%
Dans la jungle ou dans le zoo 12 Mon amour sauvage
4%
La femme est l'avenir de l'homme 10 Mon chant est un ruisseau
4%
Les Instants volés 1 Mon palais
4%
Ferrat 95 12 Musique de ma vie
4%
Ferrat 95 10 Odeur des myrtils
4%
Ferrat 95 13 Pablo mon ami
4%
Ferrat 95 14 Pourtant la vie
4%
Ferrat 80 8 Quand on n'interdira plus mes chansons
4%
Ferrat 95 9 Qui vivra verra
4%
Deux enfants au soleil 3 Regarde-toi Paname
4%
Deux enfants au soleil 7 Ta chanson
4%
Nuit et Brouillard 4 Toujours la même g…
4%
Camarade 2 Tout ce que j'aime
4%
La Montagne 3 Tu ne m'as jamais quitté
4%
Ferrat 80 7 Tu verras tu seras bien
4%
Camarade 8 Y aurait-il...
4%
Ma France 5 Ariane
0%
À Santiago 8 Au point du jour
0%
La Montagne 2 Autant d'amours autant de fleurs
0%
Les Instants volés 7 Caserne
0%
À Santiago 6 Ce qu'on est bien mon amour
0%
Potemkine 2 C'est si peu dire que je t'aime
0%
Ferrat chante Aragon 5 C'est si peu dire que je t'aime
0%
Aimer à perdre la raison 5 Comprendre
0%
Je ne suis qu'un cri 6 Comptine pour Clémentine
0%
Je ne suis qu'un cri 5 Concessions
0%
La femme est l'avenir de l'homme 5 Dans le silence de la ville
0%
Aimer à perdre la raison 7 État d'âme
0%
À Santiago 3 Excusez-moi
0%
Ma France 10 Hop là ! nous vivons
0%
Je ne suis qu'un cri 2 Hospitalité
0%
Ferrat 80 9 J'aurais seulement voulu
0%
La femme est l'avenir de l'homme 7 Je meurs
0%
Ferrat 80 10 La Bourrée des trois célibataires
0%
Camarade 7 La Cavale
0%
Ma France 6 La Petite Fleur qui tombe
0%
Potemkine 5 La Voix lactée
0%
Ma France 11 Le Bureau
0%
Les Instants volés 9 Le Diable au cœur
0%
Je ne suis qu'un cri 13 Le Kilimandjaro
0%
Ferrat chante Aragon 2 Le Malheur d'aimer
0%
Ferrat 80 12 L'Embellie
0%
Les Instants volés 4 Le Petit Trou pas cher
0%
Camarade 3 Les Demoiselles de magasin
0%
Ma France 3 L'Idole à papa
0%
La Montagne 9 Loin
0%
Aimer à perdre la raison 4 Mis à part
0%
Camarade 4 Mon bel amour
0%
Ferrat 80 6 Mon pays était beau
0%
Je ne suis qu'un cri 12 Pardonnez-moi mademoiselle
0%
Dans la jungle ou dans le zoo 3 Parle-moi de nous
0%
Ferrat 80 5 Pour être encore en haut d'l'affiche
0%
Potemkine 8 Raconte-moi la mer
0%
Ma France 8 Rien à voir
0%
Maria 4 Si je mourais là-bas
0%
Les Instants volés 10 Si nous mourons
0%
Les Instants volés 6 Un cheval fou dans un grand magasin
0%
Maria 6 Un enfant quitte Paris
0%
La femme est l'avenir de l'homme 4 Un jeune
0%
Ma France 12 Un jour futur
0%
Je ne suis qu'un cri 4 Viens mon frelot
0%
Aucun quiz correspondant
Distribution des résultats
% des personnes avec chaque résultat
Percentile par nombre de réponses
Votre historique - résultats
Vous n’avez pas pris ce quiz